Russian history - Statistics

General Stats
  • This quiz has been taken 75 times
  • The average score is 12 of 15
Answer Stats
Hint Answer % Correct
What year did ww2 end 1945
97%
Capital of russia Moscow
95%
What year did the ussr end 1991
94%
Country that invaded in 1941 Nazi germany
94%
What county did Russia invade in 2023 Ukraine
94%
What is the most popular drink in Russia? Vodka
94%
What country did The ussr invade in 1939
Poland
90%
What year did stalin die 1953
89%
What battle changed the tides of ww2 Stalingrad
89%
Capital of the russian empire St Petersburg
84%
What year did the ussr begin 1922
81%
The winter war was against? Finland
73%
Capital of the ussr Leningrad
71%
What war is the Sweden vs Russia called Great northern war
41%
What country won against theThem in ww1 German empire
27%
No matching quizzes found
Score Distribution
Percent of People with Each Score
Percentile by Number Answered
Your Score History
You have not taken this quiz